ARRUPE JESUIT UNIVERSITY

CORONAVIRUS -STOP THE SPREAD - CLEAN,DISINFECT,COVER

A heart in my head : (Record no. 118453)

MARC details
000 -LEADER
fixed length control field 01255cam a2200349 a 4500
001 - CONTROL NUMBER
control field 14853916
003 - CONTROL NUMBER IDENTIFIER
control field ARRUPE
005 - DATE AND TIME OF LATEST TRANSACTION
control field 20131023180424.0
008 - FIXED-LENGTH DATA ELEMENTS--GENERAL INFORMATION
fixed length control field 070517s2007 enka b 001 0beng
010 ## - LIBRARY OF CONGRESS CONTROL NUMBER
LC control number 2007295222
015 ## - NATIONAL BIBLIOGRAPHY NUMBER
National bibliography number GBA690179
Source bnb
016 7# - NATIONAL BIBLIOGRAPHIC AGENCY CONTROL NUMBER
Record control number 013584240
Source Uk
020 ## - INTERNATIONAL STANDARD BOOK NUMBER
International Standard Book Number 082648154X (hbk.)
020 ## - INTERNATIONAL STANDARD BOOK NUMBER
International Standard Book Number 9780826481542 (hbk.)
035 ## - SYSTEM CONTROL NUMBER
System control number (OCoLC)ocm74524100
035 ## - SYSTEM CONTROL NUMBER
System control number (OCoLC)74524100
040 ## - CATALOGING SOURCE
Original cataloging agency UKM
Transcribing agency UKM
Modifying agency BAKER
-- BWKUK
-- YDXCP
-- DLC
042 ## - AUTHENTICATION CODE
Authentication code lccopycat
050 00 - LIBRARY OF CONGRESS CALL NUMBER
Classification number BX5199.H363
Item number P43 2007
082 00 - DEWEY DECIMAL CLASSIFICATION NUMBER
Classification number 283.092
-- B
Edition number 22
300 ## - PHYSICAL DESCRIPTION
Other physical details ill. ;
Dimensions 24 cm.
100 1# - MAIN ENTRY--PERSONAL NAME
Personal name Peart-Binns, John Stuart.
9 (RLIN) 2964
245 12 - TITLE STATEMENT
Title A heart in my head :
Remainder of title a biography of Richard Harries /
Statement of responsibility, etc John S. Peart-Binns.
260 ## - PUBLICATION, DISTRIBUTION, ETC. (IMPRINT)
Place of publication, distribution, etc London ;
-- New York :
Name of publisher, distributor, etc Continuum,
Date of publication, distribution, etc 2007.
300 ## - PHYSICAL DESCRIPTION
Extent viii, 275 p. :
504 ## - BIBLIOGRAPHY, ETC. NOTE
Bibliography, etc Includes bibliographical references (p. 259-266) and index.
600 10 - SUBJECT ADDED ENTRY--PERSONAL NAME
Personal name Harries, Richard,
Dates associated with a name 1936
Form subdivision Biography.
9 (RLIN) 2965
650 #0 - SUBJECT ADDED ENTRY--TOPICAL TERM
Topical term or geographic name as entry element Bishops
Geographic subdivision England
Form subdivision Biography.
9 (RLIN) 2966
856 41 - ELECTRONIC LOCATION AND ACCESS
Materials specified Table of contents only
Uniform Resource Identifier <a href="http://www.loc.gov/catdir/toc/fy0713/2007295222.html">http://www.loc.gov/catdir/toc/fy0713/2007295222.html</a>
906 ## - LOCAL DATA ELEMENT F, LDF (RLIN)
a 7
b cbc
c copycat
d 2
e ncip
f 20
g y-gencatlg
942 ## - ADDED ENTRY ELEMENTS (KOHA)
Source of classification or shelving scheme Library of Congress Classification
Koha item type Monograph ( Printed materials)
Holdings
Withdrawn status Lost status Source of classification or shelving scheme Damaged status Not for loan Home library Current library Date acquired Total Checkouts Full call number Barcode Date last seen Price effective from Koha item type
    Library of Congress Classification     ARRUPE LIBRARY ARRUPE LIBRARY 23/10/2013   BX5199.H363 P43 2007 46411471 22/11/2017 23/10/2013 Monograph ( Printed materials)

 

Arrupe Library. PO Box MP320 Mt Pleasant, Harare, Zimbabwe
263 242 745411|librarian@aju.ac.zw